Overcurrent protection : NEC Article 240 and beyond /

An overcurrent is caused by a short-circuit, ground-fault, or an overload. A short-circuit may be hundreds or even thousands of times above the normal operating current. This type of fault may be an arcing fault between ungrounded conductors or between an ungrounded conductor and a grounded (usually...

Full description

Bibliographic Details
Main Author: Bierals, Gregory P., 1946- (Author)
Corporate Author: Taylor & Francis
Format: eBook
Language:English
Published: [Place of publication not identified] : River Publishers, 2021.
Edition:First edition.
Subjects:
Online Access:Connect to the full text of this electronic book
Connect to the full text of this electronic book

MARC

Tag First Indicator Second Indicator Subfields
LEADER 00000cam a2200000 i 4500
001 in00005522607
006 m o d
007 cr cnu|||unuuu
008 211007s2021 xx o 000 0 eng d
005 20241108165709.3
010 |a  2021762548 
035 |a (OCoLC)on1273727887 
040 |a TYFRS  |b eng  |e rda  |e pn  |c TYFRS  |d YDX  |d IEEEE  |d EBLCP  |d OCLCF  |d UKMGB  |d OCLCO  |d UKAHL  |d OCLCQ  |d SFB  |d VLB  |d OCLCQ  |d DLC  |d OCLCQ  |d OCLCO  |d OCLCL 
015 |a GBC1H4527  |2 bnb 
016 7 |a 020364266  |2 Uk 
019 |a 1280598442  |a 1281133752  |a 1281245620  |a 1289285752  |a 1380755874 
020 |a 9781003207290  |q (electronic bk.) 
020 |a 1003207294  |q (electronic bk.) 
020 |a 9788770226202  |q (electronic bk. ;  |q PDF) 
020 |a 8770226202  |q (electronic bk. ;  |q PDF) 
020 |a 9781000521498  |q (electronic bk. ;  |q EPUB) 
020 |a 1000521494  |q (electronic bk. ;  |q EPUB) 
020 |z 9788770226219 
020 |z 8770226210 
024 7 |a 10.1201/9781003207290  |2 doi 
035 |a (OCoLC)1273727887  |z (OCoLC)1280598442  |z (OCoLC)1281133752  |z (OCoLC)1281245620  |z (OCoLC)1289285752  |z (OCoLC)1380755874 
037 |a 9586522  |b IEEE 
037 |a 9781003207290  |b Taylor & Francis 
050 4 |a TK3285 
072 7 |a SCI  |x 024000  |2 bisacsh 
072 7 |a TEC  |x 000000  |2 bisacsh 
072 7 |a TEC  |x 007000  |2 bisacsh 
072 7 |a TJF  |2 bicssc 
082 0 4 |a 621.319  |2 23 
049 |a TXAM 
100 1 |a Bierals, Gregory P.,  |d 1946-  |e author.  |1 https://id.oclc.org/worldcat/entity/E39PCjqBJRBwPDDMYkYGqVW8P3 
245 1 0 |a Overcurrent protection :  |b NEC Article 240 and beyond /  |c Gregory P. Bierals. 
250 |a First edition. 
264 1 |a [Place of publication not identified] :  |b River Publishers,  |c 2021. 
300 |a 1 online resource (x, 100 pages) 
336 |a text  |b txt  |2 rdacontent 
337 |a computer  |b c  |2 rdamedia 
338 |a online resource  |b cr  |2 rdacarrier 
520 |a An overcurrent is caused by a short-circuit, ground-fault, or an overload. A short-circuit may be hundreds or even thousands of times above the normal operating current. This type of fault may be an arcing fault between ungrounded conductors or between an ungrounded conductor and a grounded (usually, a neutral) conductor, a line-to-line arcing fault may produce a current of 74% of a 3-phase bolted fault. A line-to-neutral arcing fault will be somewhat less. A line-to-line bolted fault, the equivalent, of the conductors bolted together, may be up to 100% of the available short-circuit current. A line-to-neutral bolted fault may be in excess of 100% of the 3-phase bolted fault at the source, but considerably less downstream. A ground-fault, that is, the equivalent of a connection between an ungrounded conductor and the equipment grounding system, will produce a current that may be 38% or higher of the 3-phase bolted fault current. These types of faults are typically arcing faults which normally are intermittent in nature. That is, they strike and restrike over time and may produce a short-circuit fault due to insulation damage. Once again, a line-to-equipment ground fault near the source may produce a fault current of over 100% of the 3-phase bolted fault, but considerably less downstream. An overload typically ranges from one to six times the normal current, and are normally caused by motor starting currents or transformer magnetizing currents. These conditions are of such short duration that the circuit components are not damaged. This book has a detailed analysis of these types of faults, along with explanations and examples of the various types of overcurrent protective devices to assure proper protection. This volume has extensive information on the application of overcurrent protection for conductors and equipment. The reader will be able to calculate fault currents as well as establishing the short-circuit withstand rating of conductor insulation and to determine the appropriate type of overcurrent devices based on circuit conditions. In addition, determining ground-fault currents for the purpose of selecting the proper size of equipment grounding conductors to establish an effective ground-fault current path is discussed in detail. Readership - Anyone involved with the design of overcurrent protection for electrical distribution systems from the system source to the electrical utilization equipment. The emphasis is placed on the design of the overcurrent protection for specific installations to assure proper protection for the circuit components regardless of the type of fault encountered. 
505 0 |a 1. Definitions2. Overcurrent Protection-Over 1000 Volts3. Motor Circuits4. Selective Coordination5. A Comprehensive Analysis of A 3-Phase, 4-Wire Distribution SystemOvercurrent ProtectionAnswer key 
545 0 |a Gregory P. Bierals, President, Electrical Design Institute, LLC-has presented seminars worldwide on various topics including the National Electrical Code, Grounding Electrical Distribution Systems, Designing Overcurrent Protection, Electrical Equipment Maintenance, and Designing Electrical Systems for Hazardous (Classified) Locations. He has maintained an extensive client list during the past 45 years, and he has earned the reputation of being an extraordinary lecturer as a result of his organization of materials and knowledge of this subject. 
588 0 |a Title details screen. 
650 0 |a Electric power distribution. 
650 0 |a Electric currents  |x Grounding. 
650 0 |a Electric wiring  |x Safety measures. 
650 6 |a Courants électriques  |x Mise à la terre. 
650 6 |a Installations électriques  |x Sécurité  |x Mesures. 
650 7 |a SCIENCE  |x Energy.  |2 bisacsh 
650 7 |a TECHNOLOGY  |x General.  |2 bisacsh 
650 7 |a TECHNOLOGY  |x Electricity.  |2 bisacsh 
650 7 |a Electric currents  |x Grounding  |2 fast 
650 7 |a Electric power distribution  |2 fast 
650 7 |a Electric wiring  |x Safety measures  |2 fast 
655 7 |a Electronic books.  |2 local 
710 2 |a Taylor & Francis. 
758 |i has work:  |a Overcurrent protection (Text)  |1 https://id.oclc.org/worldcat/entity/E39PCFCbKVGrwJg8V449kGwRVd  |4 https://id.oclc.org/worldcat/ontology/hasWork 
776 0 8 |i Print version:  |a Bierals, Gregory P., 1946-  |t Overcurrent protection.  |b First edition.  |d [Place of publication not identified] : River Publishers, 2021  |z 8770226210  |z 9788770226219  |w (OCoLC)1261879672 
856 4 0 |u http://proxy.library.tamu.edu/login?url=https://www.taylorfrancis.com/books/9781003207290  |z Connect to the full text of this electronic book  |t 0 
856 4 0 |u http://proxy.library.tamu.edu/login?url=https://app.knovel.com/hotlink/toc/id:kpOPNECAB6/overcurrent-protection-nec?kpromoter=marc  |z Connect to the full text of this electronic book  |t 0 
955 |a Taylor and Francis ENGnetBASE 
955 |a Knovel ebooks 
994 |a 92  |b TXA 
999 f f |s ccc01a0c-92d6-4c45-b9b7-6d39505b4f53  |i 707a0f98-d496-4c67-9677-7d29920c7bed  |t 0 
952 f f |a Texas A&M University  |b College Station  |c Electronic Resources  |d Available Online  |t 0  |e TK3285   |h Library of Congress classification 
998 f f |a TK3285   |t 0  |l Available Online